| 000 | 01665nam a22002417a 4500 | ||
|---|---|---|---|
| 003 | GR-AtMCL | ||
| 005 | 20251127143156.0 | ||
| 006 | a|||||r||||||||||| | ||
| 008 | 200603t20202020enkao 001 0 eng d | ||
| 020 | _a9781787394582 | ||
| 040 |
_aGR-AtMCL _beng _dGR-AtMCL |
||
| 100 |
_aHomer, Karen _910161 |
||
| 245 | 1 | 0 |
_aLittle book of Gucci : _bthe story of the iconic fashion house / _cKaren Homer. |
| 264 | 1 |
_aLondon : _bWelbeck, _c2020. |
|
| 300 |
_a160 p. : _billustrations (black and white, and colour) ; _c19 cm. |
||
| 490 | 0 | _aLittle guides to style collection | |
| 500 | _aIncludes index. | ||
| 520 | _aOne of the oldest Italian fashion brands in existence today, Gucci was founded in Florence in 1921. Guccio Gucci established his company with the goal of creating opulent luggage for Italy's wealthy and fashionable upper-classes. With the signature Gucci print of dark brown diamonds on a tan background, interlocking G logo and red and green stripe, the brand has gone on to become the last word in Italian luxury. Gucci's signature items - the belt, the bag, the loafer - transcend fleeting fashion trends, and have remained central to the house's identity into the twenty-first century. Under the stewardship of Tom Ford, Gucci epitomized the louche and mischievous 1990s aesthetic. Today, under Alessandro Michele, the brand's combination of romance and toughness is in hot demand. The Little Book of Gucci tells the story of this historic yet flourishing house, and the visionary looks that have cemented its place in fashion history. | ||
| 650 | 0 |
_aFashion _99926 |
|
| 650 | 0 |
_aFashion design _910081 |
|
| 942 | _cBK | ||
| 999 |
_c9966 _d9966 |
||